Statistiques concernant Top 15 des pays avec les décès de Covid-19 - 4 janvier

Cliquez ici pour prendre le quiz!

Statistiques générales

  • Ce quiz a été pris 27 fois
  • Le résultat moyen est 13 sur 23

Statistiques - réponses

pays% Correct
Etats-Unis
100%
France
96%
Allemagne
93%
Brésil
89%
Espagne
89%
Italie
89%
Russie
89%
Inde
85%
Mexique
85%
Royaume-Uni
85%
Argentine
74%
Belgique
63%
Iran
41%
Colombie
33%
Pérou
33%
Afrique du Sud
19%
Slovénie
19%
Tchéquie
19%
Croatie
15%
Bosnie-Herzégovine
11%
Bulgarie
11%
Hongrie
11%
Macédoine du Nord
7%

Distribution des résultats

Percentile par nombre de réponses

% des personnes avec chaque résultat

Votre développement - résultats

Vous n’avez pas pris ce quiz